| 000 | 00934nas a2200289 4500 | ||
|---|---|---|---|
| 001 | BR2012009621 | ||
| 003 | BR-BrBNA | ||
| 005 | 20231205121638.0 | ||
| 007 | ta | ||
| 008 | 230509b bl.|||p| |||| 00| 00por d | ||
| 040 |
_aBR-BrBNA _bpor _cBiblioteca Nacional de Agricultura |
||
| 041 | _a(Pt) | ||
| 072 | _aM12 | ||
| 100 | 1 | _aMesquita, S. do S.A. | |
| 100 | 1 | _aCosta, R.M. | |
| 100 | 1 | _aPereira, L.C.C. | |
| 100 | 1 | _aMagalhães, A. | |
| 245 | 1 | _aComposição, ocorrência e distribuição das hidromedusas no estuário do rio Caeté, litoral do estado do Pará | |
| 650 | _aÁGUA VIVA | ||
| 650 | _aDISTRIBUIÇÃO GEOGRAFICA | ||
| 650 | _aPLANCTON | ||
| 650 | _aSALINIDADE | ||
| 650 | _aPARÁ | ||
| 773 | 0 |
_tBoletim do Museu Paraense Emílio Goeldi. Ciências Naturais (Brazil) _xISSN 1981-8114 _g(Sep-Dec 2006), v. 1(3) p. 113-119 _wBR2012009621 |
|
| 909 |
_a202311 _bLúcia _c55 _dLúcia Elande |
||
| 942 |
_2AGRIS _n0 _cANA |
||
| 999 |
_c224538 _d224538 |
||